000 00875cam a2200325 i 4500
001 463188
003 YEEZEN
005 20260410141526.0
008 221208s2022 ch g 000 1 chi d
020 _a9786269593842
_q(平裝) :
_cNT$400
040 _bchi
_dNHU
_eccr
_cNHU
041 1 _achi
_hkor
042 _anbic
082 _a862.57
084 _a862.57
090 _a862.57
100 1 _a金浩然
_e
245 1 0 _a不便利的便利店 :
_b불편한 편의점 /
_c金浩然(김호연)著 ; 陳品芳譯
246 3 0 _a불편한 편의점
250 _a初版
260 _a臺北市 :
_b寂寞,
_c2022.09
300 _a303面 ;
_c21 公分
490 1 _aSoul ;
_v047.
500 _a譯自 : 불편한 편의점
650 7 _a小說
_2lcstt.
700 1 _a陳品芳
_e
740 0 _a불편한 편의점
830 0 _aSoul ;
_v047.
942 _2ccl
_cBOOK
999 _c7705
_d7705